| 000 | 01190nam a22002415i 4500 | ||
|---|---|---|---|
| 001 | 157106 | ||
| 003 | ES-MaACL | ||
| 005 | 20250824074923.0 | ||
| 008 | 000306s1881 sp |||| | spa d | ||
| 040 |
_aCAM _bspa _cCAM |
||
| 100 | 1 |
_aLarra y Wetoret, Luis Mariano de, _d1830-1901 _970289 |
|
| 245 | 1 | 4 |
_aLos hijos de Madrid _b: zarzuela melodramática de costumbres populares en tres actos y en prosa y verso: divididos en diez cuadros / _cletra de Luis Mariano de Larra ; música del maestro Cereceda. |
| 260 |
_aMadrid : _b[hijos de A. Gullón], _c1881 ( _fImprenta de José Rodriguez) |
||
| 300 |
_a96 p. ; _c21 cm. |
||
| 490 | 1 | _aEl Teatro: colección de obras dramáticas y líricas | |
| 500 | 1 | _aRepresentada en el Teatro del Circo de Madrid, el 22 de diciembre de 1881. | |
| 500 | _aSolo la letra. | ||
| 596 | _aMenciones de editor y de serie constan en la cub. | ||
| 700 | 1 |
_aCereceda, Guillermo ( _d1844-1919) _9126419 |
|
| 830 | 0 | 3 |
_aEl teatro: colección de obras dramática y líricas _9221753 |
| 852 |
_aES-MaACL _jD-2486(3) _z-- Enc. hol. _q-- Falto de la cub. original _z-- Enc. en un vol. facticio _z.- Legado M. de la Fuente |
||
| 999 |
_c157106 _d157106 |
||